Normal view
MARC view
- WEB SITES DESIGN; ADOBE PHOTOSHOP; COMPUTER GRAPHICS
Entry Topical Term
001 - CONTROL NUMBER
- control field: 59794
003 - CONTROL NUMBER IDENTIFIER
- control field: NUST
005 - DATE AND TIME OF LATEST TRANSACTION
- control field: 20210628202416.0
008 - FIXED-LENGTH DATA ELEMENTS
- fixed length control field: 210628|| aca||aabn | a|a d
040 ## - CATALOGING SOURCE
- Original cataloging agency: NUST
- Transcribing agency: NUST
150 ## - HEADING--TOPICAL TERM
- Topical term or geographic name entry element: WEB SITES DESIGN; ADOBE PHOTOSHOP; COMPUTER GRAPHICS
670 ## - SOURCE DATA FOUND
- Source citation: Work cat.: (NUST): Brown, Micah Eigen, Brad Livingston, Dan 59793, Essential photoshop 5 for web professionals, 1999
